| 000 | 00666nam a2200217 a 4500 | ||
|---|---|---|---|
| 005 | 20240925064326.0 | ||
| 008 | 010924s1994 es r 000 0 spa d | ||
| 020 | _a8432308501 | ||
| 035 | _aUPN01000112160 | ||
| 049 | _aCG | ||
| 050 | 4 |
_aBF723 A87 _bB6.3 |
|
| 100 | 1 | _aBornas I Agustí, Xavier | |
| 245 | 1 | 3 |
_aLa autonomía personal en la infancia : _bestrategias cognitivas y pautas para su desarrollo / _cXavier Bornas I Agustí. |
| 260 |
_aMadrid : _bSiglo XXI, _c1994. |
||
| 300 | _axiii, 163 p. : | ||
| 440 | 0 | _aEducación | |
| 650 | 4 |
_aAUTONOMIA EN LOS NIÑOS _93010 |
|
| 650 | 4 |
_aCognición _96446 |
|
| 650 | 4 |
_aNiño, Estudio del _9221 |
|
| 905 | _aLibro | ||
| 999 |
_c86068 _d86068 |
||